| 000 | 00619nam a2200205 u 4500 | ||
|---|---|---|---|
| 005 | 20240910064109.0 | ||
| 008 | 080227s2006 r 000 0 eng d | ||
| 020 | _a1404274626 | ||
| 035 | _aUPN01000154572 | ||
| 049 | _aI | ||
| 050 | 4 |
_aBJ1533 F8 _bW7.2 |
|
| 100 | 1 | _aWrazen, Nicholas | |
| 245 | 1 | 0 |
_aAmigos / _cNicholas Wrazen ; tr. José María Obregón. |
| 260 |
_aNew York : _bRosen Real Readers en español, _c2006. |
||
| 300 |
_a8 p. : _bprincipalmente il. col. |
||
| 440 | 0 | _aRosen classroom books & materíals | |
| 650 | 7 |
_aAmistad _2 _94317 |
|
| 650 | 7 |
_aAmistad entre niños _2 _94319 |
|
| 905 | _aInfantil | ||
| 999 |
_c126689 _d126689 |
||